000 00799nam a2200217Ii 4500
003 JO-AjNU
008 230605s9999||||xx |||||||||||||| ||und||
017 _a2007/6/1698
040 _aJO-AjNU
_bara
_erda
_cJO-AjNU
041 _aara
050 1 4 _aHF5437.A44.2008
100 3 _aالعلاق،بشير/محمود شرف الدين,
_eauthor
_929714
245 0 0 _aادارة المواد:مدخل اداري ومحاسبي
250 _aط العربية
264 3 1 _aعمان:دار اليازوري العلمية للنشر والتوزيع؛2008
300 _a309ص
_bيحتوي على ببلوغرافية من ص307-309ص
336 _atext
_btxt
_2rdacontent
337 _aunmediated
_bn
_2rdamedia
338 _avolume
_bnc
_2rdacarrier
650 4 _aادارة المشتريات
_929715
999 _aA11689
_c15257
_d15257